000 00896nas a2200301 4500
001 BR2015000830
003 BR-BrBNA
005 20231205125016.0
007 ta
008 230509b bl.|||p| |||| 00| 00por d
040 _aBR-BrBNA
_bpor
_cBiblioteca Nacional de Agricultura
041 _a(Pt)
072 _aF02
100 1 _aMarolf, L.
100 1 _aCitadin, I.
100 1 _aSachet, M.R.
100 1 _aScariotto, S.
100 1 _aWagner Junior, A.
245 1 _aProdução de mudas de videira cv. Bordô/Paulsen 1103 pela enxertia de mesa com estratificação
650 _aUVA
650 _aVARIEDADE
650 _aMUDA
650 _aENXERTO
650 _aPROPAGAÇÃO VEGETATIVA
773 0 _tRevista Brasileira de Fruticultura (Brazil)
_xISSN 0100-2945
_g(Sep 2014), v. 36(3) p. 673-679
_wBR2015000830
909 _a202311
_bLúcia
_c55
_dLúcia Elande
942 _2AGRIS
_n0
_cANA
999 _c242117
_d242117